Music Quiz

Random Music or Artist Quiz
Score 0/20 Timer 05:00
2 Plays Today
% Correct
Jackson, Michael - Billie Jean
95.4%
John, Elton - Candle In The Wind
92.6%
Journey - Don't Stop Believin'
80.9%
Jones, Tom - It's Not Unusual
80.9%
Joan Jett & the Blackhearts
- I Love Rock 'n' Roll
79.8%
James, Rick - Super Freak
77.9%
Joel, Billy - We Didn't Start the Fire
77.8%
Joplin, Janis - Mercedes Benz
73.3%
The Jackson 5 - I Want You Back
72.8%
Jones, Norah - Don't Know Why
68.8%
% Correct
Jefferson Airplane - White Rabbit
68.3%
Jackson, Janet - Rhythm Nation
64.8%
Jay-Z - Run This Town
63.6%
The Jets - You Got It All
58.1%
Jethro Tull - Locomotive Breath
56.5%
Judas Priest - Painkiller
54.1%
Jacks, Terry - Seasons In The Sun
51.5%
Ja Rule - Always On Time
51.2%
Joy Division - Love Will Tear Us Apart
50.8%
Jamiroquai - Cosmic Girl
49.2%
Remove Ads.
Support Sporcle.
Get the best of Sporcle when you Go Orange. This ad-free experience offers more features, more stats, and more fun while also helping to support Sporcle. Thank you for becoming a member.

You're not logged in!

Compare scores with friends on all Sporcle quizzes.
OR
Log In

Show Comments

Extras

Top Quizzes Today


Score Distribution

Your Account Isn't Verified!

In order to create a playlist on Sporcle, you need to verify the email address you used during registration. Go to your Sporcle Settings to finish the process.

Report this User

Report this user for behavior that violates our Community Guidelines.

Details: